Human Resouce Management /

Guardado en:
Detalles Bibliográficos
Autores principales: Byars, Lloyd L (Autor), Rue, Leslie W (Autor)
Formato: Libro
Lenguaje:inglés
Publicado: Homewood : Richard D.Irwin, 1991
Edición:3.Edition
Etiquetas: Agregar Etiqueta
Sin Etiquetas, Sea el primero en etiquetar este registro!

MARC

LEADER 00000nam a22000003a 4500
001 stu22365
005 20150617225751.5
008 940310s1991----xxu-----------------eng-d
020 |a 0-256-08113-1 
040 |a STU  |b slo 
041 0 |a eng 
044 |a xxu 
080 |a 338.242 
100 1 |a Byars, Lloyd L  |4 aut 
245 1 |a Human Resouce Management /  |c [aut.]Byars,Lloyd L., Rue,Leslie W 
250 |a 3.Edition 
260 |a Homewood :  |b Richard D.Irwin,  |c 1991 
300 |a 545 s :  |b Tab.,index 
700 1 |a Rue, Leslie W  |4 aut 
996 |b C92819  |c C*92819  |l CCXIV  |s P  |a 0  |w stu22365_0001